| 000 | 02618cam a22003617a 4500 | ||
|---|---|---|---|
| 999 |
_c50440 _d50440 |
||
| 001 | 150002 | ||
| 005 | 20200226164254.0 | ||
| 008 | 980714s1998 caua b 001 0 eng d | ||
| 010 | _a 98086925 | ||
| 020 | _a0122108450 | ||
| 035 | _a(DLC)150002 | ||
| 040 |
_aEUN _cEUN _dTEF _dNIC _dDLC |
||
| 041 | _aeng | ||
| 042 | _alccopycat | ||
| 043 | _aw------ | ||
| 050 | 0 | 0 |
_aSH134.6 _b.T76 1998 |
| 080 | _a639.5 D-29 | ||
| 082 | 0 | 0 |
_a639.8/0913 _221 |
| 245 | 0 | 0 |
_aTropical mariculture / _cedited by Sena S. De Silva. |
| 260 |
_aSan Diego, Calif. : _bAcademic Press, _cc1998. |
||
| 300 |
_aviii, 487 p. : _bill. ; _c24 cm. |
||
| 504 | _aIncludes bibliographical references and index. | ||
| 505 | 8 | _aMachine generated contents note: 1 Tropical Mariculture: Current Status and Prospects -- Sena S. De Silva -- 2 Tropical Mariculture and Coastal Environmental Integrity -- Michael J. Phillips -- 3 Early Life History Features Influencing Larval Survival of -- Cultivated Tropical Finfish -- Hiroshi Kohno -- 4 Genetic Improvement of Cultured Marine Finfish: Case Studies -- Wayne Knibb, G. Gorshkova and S. Gorshkov -- 5 Development of Artificial Diets for Marine Finfish Larvae: -- Problems and Prospects -- Paul C. Southgate and Gavin J. Partridge -- 6 Major Challenges to Feed Development for Marine and -- Diadromous Finfish and Crustacean Species -- Albert G.J. Tacon and Uwe C. Barg -- 7 Pathobiology of Marine Organisms Cultured in the Tropics -- Angelo Colorni -- 8 Tropical Shrimp Farming and its Sustainability -- J. Honculada Primavera -- 9 Aspects of the Biology and Culture of Sea Cucumber -- Toyoshige Yanagisawa -- 10 Mussel and Oyster Culture in the Tropics -- M. Mohan Joseph -- 11 Culture of Marine Finfish Species of the Pacific -- Cheng-Sheng Lee -- 12 Historical and Current Trends in Milkfish Farming in the Philippines -- Teodora Bagarinao -- 13 Grouper Culture -- Leong Tak Seng -- 14 Aspects of the Biology and Culture of Lates calcarifer -- Michael A. Rimmer and D. John Russell -- Index. | |
| 650 | 0 |
_aMariculture _zTropics. _97519 |
|
| 653 | _aტროპიკული მებაღეობა | ||
| 700 | 1 |
_aDe Silva, Sena S. _eრედაქტორი _97520 |
|
| 856 | 4 | 2 |
_3Publisher description _uhttp://www.loc.gov/catdir/description/els033/98086925.html |
| 856 | 4 | 1 |
_3Table of contents _uhttp://www.loc.gov/catdir/toc/fy02/98086925.html |
| 906 |
_a7 _bcbc _ccopycat _d3 _encip _f19 _gy-gencatlg |
||
| 942 |
_2udc _cBK |
||
| 955 |
_amarcadia import _ijv04 2001-10-25 to SL _aaa01 2001-10-31 |
||
| 955 |
_apn09/e-pcn 07-14-98 _apb19 2001-08-11 to ASCD _ajb00 2001-08-14 bk rec'd |
||